[Event "Florianopolis op 11th"]
[Site "Florianopolis"]
[Date "2025.01.23"]
[Round "7"]
[White "Mariot Vaz, Joao Antonio Bertol"]
[Black "De Aguiar, Andre Wescley"]
[Result "1-0"]
[WhiteElo "1982"]
[BlackElo "1691"]
[PlyCount "73"]
[EventDate "2025.01.18"]
[EventType "swiss"]
[EventRounds "10"]
[EventCountry "BRA"]
[SourceTitle "CB05_2025"]
[SourceDate "2025.01.29"]
[SourceVersion "1"]
[SourceVersionDate "2025.01.29"]
[SourceQuality "1"]

1. e4 c5 2. Nf3 d6 3. d4 cxd4 4. Nxd4 Nf6 5. Nc3 a6 6. Be2 e5 7. Nb3 Be7 8. Be3 Be6 9. Nd5 Nbd7 10. Qd3 Rc8 11. c4 b6 12. f3 h5 13. 0-0 a5 14. Rac1 a4 15. Na1 Nc5 16. Qd2 h4 17. Nc2 Bxd5 18. cxd5 0-0 19. Nb4 Nfd7 20. Nc6 Qe8 21. Bg5 Bxg5 22. Qxg5 f6 23. Qxh4 Nb8 24. Bb5 Qf7 25. Rc3 g6 26. b4 axb3 27. axb3 Kg7 28. b4 Nb7 29. f4 Rh8 30. Qf2 exf4 31. Qxf4 g5 32. Qf5 Rc7 33. Rcf3 Nd7 34. Qxg5+ fxg5 35. Rxf7+ Kg6 36. Ne7+ Kh6 37. Bxd7 1-0

[Event "Florianopolis op 11th"]
[Site "Florianopolis"]
[Date "2025.01.18"]
[Round "1"]
[White "Mariot Vaz, Joao Antonio Bertol"]
[Black "Fraga, Sofia Carneiro"]
[Result "1-0"]
[WhiteElo "1982"]
[BlackElo "1506"]
[PlyCount "65"]
[EventDate "2025.01.18"]
[EventType "swiss"]
[EventRounds "10"]
[EventCountry "BRA"]
[SourceTitle "CB05_2025"]
[SourceDate "2025.01.29"]
[SourceVersion "1"]
[SourceVersionDate "2025.01.29"]
[SourceQuality "1"]

1. e4 e5 2. Nf3 Nf6 3. Nxe5 d6 4. Nf3 Nxe4 5. Nc3 Nf6 6. d4 Be7 7. Bg5 d5 8. Qd2 h6 9. Bf4 Nc6 10. 0-0-0 Bb4 11. Qe3+ Be6 12. h3 Bxc3 13. Qxc3 Ne4 14. Qe3 Qf6 15. Nd2 Nxd2 16. Rxd2 Rc8 17. g4 Qe7 18. Bg2 Nd8 19. Re1 g5 20. Bg3 c6 21. f4 gxf4 22. Bxf4 Qf8 23. h4 b5 24. g5 h5 25. Be5 Rg8 26. Bf6 Kd7 27. Bf3 Bg4 28. Qf4 Ne6 29. Bxg4 hxg4 30. Qxg4 Qh6 31. Qxe6+ fxe6 32. gxh6 Rgf8 33. Bg7 1-0

[Event "Pan American-ch U2000"]
[Site "Balneario Camboriu"]
[Date "2024.09.29"]
[Round "8"]
[White "Mariot Vaz, Joao Antonio Bertol"]
[Black "Hessmann, Eduardo Franzoni"]
[Result "0-1"]
[WhiteElo "1945"]
[BlackElo "1945"]
[PlyCount "104"]
[EventDate "2024.09.24"]
[EventType "swiss"]
[EventRounds "9"]
[EventCountry "BRA"]
[SourceTitle "EXT 2025"]
[Source "ChessBase"]
[SourceDate "2024.10.14"]
[SourceVersion "1"]
[SourceVersionDate "2024.10.14"]
[SourceQuality "1"]

1. e4 c5 2. Nf3 d6 3. d4 cxd4 4. Nxd4 Nf6 5. Nc3 a6 6. Be2 e5 7. Nb3 Be7 8. Be3 Be6 9. Nd5 Nbd7 10. Qd3 Bxd5 11. exd5 0-0 12. 0-0 Ne8 13. a4 Bg5 14. f4 Bxf4 15. Bxf4 exf4 16. Rxf4 Ne5 17. Qd4 f5 18. Raf1 g6 19. g4 Ng7 20. gxf5 Nxf5 21. Qf2 Qe7 22. Kh1 Rac8 23. c3 Qf7 24. Qg2 Qg7 25. Qe4 Qh6 26. Qg2 Ne3 27. Rxf8+ Rxf8 28. Rxf8+ Qxf8 29. Qg3 Nxd5 30. Nd4 Qf4 31. Qh3 Qe4+ 32. Kg1 Nf4 33. Qf1 g5 34. Bf3 Qe3+ 35. Kh1 d5 36. Bg2 Ned3 37. h3 Qg3 38. Qf3 Nf2+ 39. Kg1 N2xh3+ 40. Kf1 Qxg2+ 41. Qxg2 Nxg2 42. Kxg2 Nf4+ 43. Kf3 Kf7 44. a5 Kf6 45. b3 h5 46. c4 Ke5 47. Nc2 d4 48. Nb4 h4 49. c5 h3 50. Kg3 d3 51. c6 bxc6 52. Nxc6+ Ke4 0-1

[Event "Pan American-ch U2000"]
[Site "Balneario Camboriu"]
[Date "2024.09.25"]
[Round "3"]
[White "Mariot Vaz, Joao Antonio Bertol"]
[Black "De Paula, Luan Araujo"]
[Result "1-0"]
[WhiteElo "1945"]
[BlackElo "1910"]
[PlyCount "51"]
[EventDate "2024.09.24"]
[EventType "swiss"]
[EventRounds "9"]
[EventCountry "BRA"]
[SourceTitle "EXT 2025"]
[Source "ChessBase"]
[SourceDate "2024.10.14"]
[SourceVersion "1"]
[SourceVersionDate "2024.10.14"]
[SourceQuality "1"]

1. e4 c6 2. d4 d5 3. e5 Bf5 4. h4 h5 5. c4 e6 6. Nc3 Nd7 7. cxd5 cxd5 8. Bd3 Bxd3 9. Qxd3 a6 10. Nf3 Ne7 11. Bg5 f6 12. exf6 gxf6 13. Bf4 Kf7 14. 0-0 Ng6 15. Bg3 Bh6 16. Rfe1 Qb6 17. a3 Rhg8 18. b4 Rac8 19. Ne4 Qc6 20. Nc5 Nxc5 21. bxc5 Bf4 22. Rab1 Bxg3 23. fxg3 Rce8 24. Rb6 Qc7 25. Reb1 Qxg3 26. Ng5+ 1-0

[Event "Pan American-ch U2000"]
[Site "Balneario Camboriu"]
[Date "2024.09.24"]
[Round "1"]
[White "Mariot Vaz, Joao Antonio Bertol"]
[Black "Heubeck, Flavio"]
[Result "1-0"]
[WhiteElo "1945"]
[BlackElo "1809"]
[PlyCount "70"]
[EventDate "2024.09.24"]
[EventType "swiss"]
[EventRounds "9"]
[EventCountry "BRA"]
[SourceTitle "EXT 2025"]
[Source "ChessBase"]
[SourceDate "2024.10.14"]
[SourceVersion "1"]
[SourceVersionDate "2024.10.14"]
[SourceQuality "1"]

1. e4 d6 2. d4 c6 3. Nf3 Qc7 4. a4 Nd7 5. Bc4 Ngf6 6. Qe2 h6 7. e5 dxe5 8. dxe5 Nb6 9. exf6 Nxc4 10. Qxc4 Be6 11. Qf4 Qxf4 12. Bxf4 exf6 13. 0-0 Be7 14. Nc3 0-0 15. Rad1 Rfe8 16. Bd6 Bg4 17. Bxe7 Rxe7 18. h3 Bh5 19. Rfe1 Re6 20. Rxe6 fxe6 21. Rd7 Rb8 22. Nd4 Be8 23. Re7 e5 24. Nf5 Bf7 25. Nd6 Bg6 26. Rxb7 Rd8 27. Nde4 f5 28. Nc5 Rd2 29. Rxa7 Rxc2 30. Rb7 Rc1+ 31. Kh2 Rc2 32. a5 Rxf2 33. a6 Bh5 34. a7 Bf3 35. a8Q+ Kh7 1-0

[Event "Florianopolis Winter op 8th"]
[Site "Florianopolis"]
[Date "2024.07.14"]
[Round "9"]
[White "Starke, Bruno Orlando"]
[Black "Mariot Vaz, Joao Antonio Bertol"]
[Result "1/2-1/2"]
[WhiteElo "2165"]
[BlackElo "1856"]
[PlyCount "73"]
[EventDate "2024.07.09"]
[EventType "swiss"]
[EventRounds "9"]
[EventCountry "BRA"]
[SourceTitle "CBM 221 Extra"]
[Source "ChessBase"]
[SourceDate "2024.09.30"]
[SourceVersion "1"]
[SourceVersionDate "2024.09.30"]
[SourceQuality "1"]

1. d4 Nf6 2. c4 e6 3. Nf3 c5 4. d5 exd5 5. cxd5 d6 6. Nc3 g6 7. Bf4 Bg7 8. h3 0-0 9. e3 a6 10. a4 Qe7 11. Be2 Nbd7 12. 0-0 h6 13. Re1 Rb8 14. Bh2 Nh7 15. Qb3 b6 16. Bf1 Ne5 17. Nxe5 Bxe5 18. f4 Bxc3 19. Qxc3 Nf6 20. e4 Nxe4 21. Qc2 f5 22. Bd3 Re8 23. Kh1 b5 24. axb5 axb5 25. Re2 c4 26. Bxe4 fxe4 27. Rae1 Qf7 28. Rxe4 Bf5 29. Rxe8+ Rxe8 30. Qd2 Rxe1+ 31. Qxe1 Qxd5 32. Qe8+ Kg7 33. Qe7+ Qf7 34. Qxd6 Qd7 35. Qe5+ Kf7 36. Kg1 Qd3 37. Qc7+ 1/2-1/2

[Event "Florianopolis Winter op 8th"]
[Site "Florianopolis"]
[Date "2024.07.10"]
[Round "3"]
[White "Soejima, Sofia Rie"]
[Black "Mariot Vaz, Joao Antonio Bertol"]
[Result "0-1"]
[WhiteElo "1452"]
[BlackElo "1856"]
[PlyCount "114"]
[EventDate "2024.07.09"]
[EventType "swiss"]
[EventRounds "9"]
[EventCountry "BRA"]
[SourceTitle "CBM 221 Extra"]
[Source "ChessBase"]
[SourceDate "2024.09.30"]
[SourceVersion "1"]
[SourceVersionDate "2024.09.30"]
[SourceQuality "1"]

1. e4 e5 2. Nf3 Nc6 3. d4 exd4 4. Bc4 Nf6 5. e5 d5 6. Bb5 Ne4 7. Nxd4 Bd7 8. Bxc6 bxc6 9. 0-0 Bc5 10. Be3 Bb6 11. f3 Nc5 12. f4 Ne4 13. c3 Qe7 14. Nd2 Nxd2 15. Qxd2 c5 16. Nf3 Bc6 17. f5 0-0-0 18. f6 gxf6 19. exf6 Qd7 20. Ne5 Qe6 21. Nxc6 Qxc6 22. Qe2 d4 23. Bd2 Rhg8 24. Qf3 Qxf3 25. Rxf3 Rde8 26. Re1 Rxe1+ 27. Bxe1 Re8 28. Kf1 Re4 29. c4 Kd7 30. Bd2 Ke6 31. a3 c6 32. b4 Bd8 33. Bg5 cxb4 34. axb4 a5 35. Bd2 axb4 36. Bxb4 Bxf6 37. Rd3 Be7 38. Bd2 h5 39. Kf2 f5 40. Kf3 Bd6 41. h3 Bh2 42. Kf2 Bf4 43. Bxf4 Rxf4+ 44. Ke2 Kd6 45. Rf3 Rxf3 46. gxf3 Ke5 47. Kd3 c5 48. Ke2 Kf4 49. Kf2 h4 50. Ke2 Kg3 51. Ke1 Kxf3 52. Kd2 Kg3 53. Ke2 f4 54. Kd2 f3 55. Kd1 f2 56. Ke2 d3+ 57. Kf1 d2 0-1